| 000 | 00996cab a2200277 4500 | ||
|---|---|---|---|
| 001 | ABS54632 | ||
| 008 | 090401t1996 xxu||||| |||| 00| 0 eng d | ||
| 035 | _a(Sirsi) u11431 | ||
| 041 | _aeng | ||
| 100 | _aHinchey, J.W. | ||
| 245 | _aEvolution of ADR techniques for major construction projects in the nineties and beyond: a United States perspective | ||
| 260 | _c1996 | ||
| 350 | _a0 | ||
| 490 |
_aConstruction Law Journal _v12(1) 1996, 14-36(23) |
||
| 520 | _aDiscusses the development of alternative dispute resolution techniques in the US construction industry. | ||
| 650 | _aALTERNATIVE DISPUTE RESOLUTION | ||
| 650 | _aALTERNATIVE DISPUTE RESOLUTION | ||
| 650 | _aCONSTRUCTION DISPUTES | ||
| 650 |
_aDISPUTE RESOLUTION _96236 |
||
| 650 | _aMEDIATION | ||
| 650 | _aUNITED STATES | ||
| 690 | _aMANAGEMENT-DISPUTE AVOIDANCE, MANAGEMENT AND RESOLUTION-DISPUTE MANAGEMENT AND RESOLUTION-ARBITRATION | ||
| 690 |
_aProject management _96261 |
||
| 942 | _n0 | ||
| 948 | _c04/03/1997 | ||
| 999 |
_c7287 _d7287 |
||